• 首页
  • 本馆介绍
  • 公告通知
  • 最新文献
  • 馆藏检索
  • 电子资源
  • 读者导购
  • 参考咨询
  • 我的图书馆
  • 登录
  • 详细信息显示
  • 放入我的书架
  • 预约/预借图书
  • 作者相关作品
  • 分类相关作品
  • 丛书相关作品
  • 出版社相关作品

书目信息

  • 表格格式
  • 工作单格式
  • 卡片格式
题名:
基础拓朴学讲义
    
 
作者: 尤承业 编著
分册:  
出版信息: 北京   北京大学出版社  1997.11
页数: 312页
开本: 20cm
丛书名:
单 册:
中图分类: O189.1
科图分类:
主题词: 一般拓扑
电子资源:
ISBN: 7-301-03103-3
000 00531nam0 2200193 45
001 0011211645
005 20041201105509.8
010    @a7-301-03103-3@dCNY13.50
100    @a20001121d1997 km y0chiy0120 ea
101 0  @achi
105    @a z 000yy
200 1  @a基础拓朴学讲义@AJi Chu Tuo Pu Xue Jiang Yi@f尤承业编著@FYou Cheng Ye Bian Zhu
210    @a北京@c北京大学出版社@d1997.11
215    @a312页@d20cm
606 0  @a一般拓扑
690    @aO189.1@v1
701  0 @a尤承业@4编著
801    @aCN@bTSTC@c20001121
905    @dO189.1@e25
    
    基础拓朴学讲义/尤承业编著.-北京:北京大学出版社,1997.11
    312页;20cm
    
    
    ISBN 7-301-03103-3:CNY13.50
    
●
相关链接 在E读中查询图书 在五车中查询图书 在当当中查询图书 在豆瓣中查询图书


正题名:基础拓朴学讲义     索取号:O189.1/25         预约/预借

序号 登录号 条形码 馆藏地/架位号 状态 备注
1 0293197   002931974   第三借阅区/ [索取号:O189.1/25] 在馆    
2 0293198   002931983   第三借阅区/ [索取号:O189.1/25] 在馆    
3 0293199   002931992   第三借阅区/ [索取号:O189.1/25] 在馆    
4 0293200   002932009   第三借阅区/ [索取号:O189.1/25] 在馆    
5 0293201   002932018   第二样本阅览室/ [索取号:O189.1/25] 在馆    
唐山师范学院图书馆 欢迎您!
大连网信软件有限公司© 版权所有